000 00482cam a22001457a 4500
008 180718b1996 xxu||||| |||| 00| 0 eng d
020 _a0700704256
082 _aA6x54 H312
100 _aHawes, C.J.
245 _aPoor relations: the making of a Eurasian community in British India, 1773-1833
_cby C.J. Hawes
260 _aSurrey
_bCurzon Press
_c1996
300 _a217p.
650 _aAnglo-Indians - India - History - 1773-1833
650 _aEurasians - India - History - 1773-1833
999 _c393283
_d393283